[Event "Titled Tuesday intern op 30th Jul Early"]
[Site "Chess.com INT"]
[Date "2024.07.30"]
[Round "3"]
[White "Bilan, Danila"]
[Black "Freile Martin, Javier"]
[Result "0-1"]
[WhiteElo "2303"]
[BlackElo "2329"]
[PlyCount "70"]
[EventDate "2024.07.30"]
[EventType "swiss (blitz)"]
[EventRounds "11"]
[EventCountry "USA"]
[SourceTitle "EXT 2025"]
[Source "ChessBase"]
[SourceDate "2024.10.14"]
[SourceVersion "1"]
[SourceVersionDate "2024.10.14"]
[SourceQuality "1"]

1. d4 Nf6 2. Nf3 d6 3. g3 g6 4. Bg2 Bg7 5. 0-0 0-0 6. c4 Nc6 7. Nc3 a6 8. d5 Na5 9. Nd2 c5 10. Qc2 Rb8 11. Rb1 b5 12. b3 h5 13. e4 h4 14. Ne2 hxg3 15. hxg3 Ng4 16. Bb2 bxc4 17. bxc4 Bh6 18. f4 Ne3 19. Qc3 Rxb2 20. Rxb2 Nxf1 21. Nxf1 Bg7 22. e5 e6 23. Rd2 exd5 24. Bxd5 Qb6 25. Ne3 dxe5 26. fxe5 Nc6 27. Bxc6 Qxc6 28. Nd5 Re8 29. Nef4 Bxe5 30. Qf3 Bb7 31. Re2 Bg7 32. Rxe8+ Qxe8 33. Kh2 Bd4 34. Ng2 Kg7 35. Ndf4 Bxf3 0-1

[Event "Titled Tuesday intern op 30th Jul Early"]
[Site "Chess.com INT"]
[Date "2024.07.30"]
[Round "4"]
[White "Kleiman, Jake"]
[Black "Freile Martin, Javier"]
[Result "1-0"]
[WhiteElo "2399"]
[BlackElo "2329"]
[PlyCount "97"]
[EventDate "2024.07.30"]
[EventType "swiss (blitz)"]
[EventRounds "11"]
[EventCountry "USA"]
[SourceTitle "EXT 2025"]
[Source "ChessBase"]
[SourceDate "2024.10.14"]
[SourceVersion "1"]
[SourceVersionDate "2024.10.14"]
[SourceQuality "1"]

1. e4 c5 2. c3 d6 3. d4 Nd7 4. Nf3 Qc7 5. Bc4 e6 6. Bb3 Ngf6 7. Nbd2 Be7 8. 0-0 0-0 9. Re1 a6 10. e5 Ne8 11. Qe2 cxd4 12. cxd4 dxe5 13. dxe5 b5 14. Nf1 Bb7 15. Bf4 Rc8 16. Ng3 g6 17. h4 Ng7 18. Rad1 Nc5 19. Bc2 Bxf3 20. Qxf3 Bxh4 21. Rc1 Qe7 22. Qg4 Nf5 23. Nxf5 exf5 24. Bxf5 h5 25. Qh3 gxf5 26. Qxf5 Ne6 27. Be3 Bg5 28. f4 Bh6 29. Qxh5 Bxf4 30. Bxf4 Nxf4 31. Qg4+ Kh7 32. Rxc8 Rxc8 33. Qxc8 Qa7+ 34. Kh1 Qf2 35. Qf5+ Kg7 36. Qg4+ Ng6 37. Re2 Qf1+ 38. Kh2 Qc1 39. e6 Qh6+ 40. Qh3 Qf4+ 41. Qg3 Qh6+ 42. Kg1 Qc1+ 43. Re1 Qc5+ 44. Qf2 Qb4 45. Qxf7+ Kh6 46. Qf2 Nf4 47. e7 Nd3 48. Qe3+ Kh5 49. e8Q+ 1-0

[Event "Titled Tuesday intern op 21st May Early"]
[Site "Chess.com INT"]
[Date "2024.05.21"]
[Round "2"]
[White "Gutierrez Olivares, Daniel"]
[Black "Freile Martin, Javier"]
[Result "1-0"]
[WhiteElo "2354"]
[BlackElo "2329"]
[PlyCount "87"]
[EventDate "2024.05.21"]
[EventType "swiss (blitz)"]
[EventRounds "11"]
[EventCountry "USA"]
[SourceTitle "CBM 220 Extra"]
[Source "ChessBase"]
[SourceDate "2024.07.31"]
[SourceVersion "1"]
[SourceVersionDate "2024.07.31"]
[SourceQuality "1"]

1. Nf3 Nf6 2. g3 g6 3. Bg2 Bg7 4. c4 d6 5. 0-0 e5 6. Nc3 0-0 7. Rb1 Re8 8. b4 Nbd7 9. d3 e4 10. Ne1 Ne5 11. Nxe4 Nxe4 12. Bxe4 Nxc4 13. Bg2 Nb6 14. a4 a5 15. Be3 Nd7 16. Nc2 axb4 17. Nxb4 Ne5 18. h3 Bd7 19. Ra1 c5 20. Nd5 Bc6 21. Qb3 Nd7 22. Ra2 h5 23. h4 Ne5 24. Bg5 Qa5 25. Nf6+ Bxf6 26. Bxf6 Bxg2 27. Kxg2 b5 28. Rfa1 b4 29. Qb2 Re6 30. Bg5 Rae8 31. Rd1 Qa8+ 32. Kg1 Rb8 33. Bh6 Qa5 34. f4 c4 35. fxe5 c3 36. Qb3 Qxe5 37. Bf4 Qf5 38. e4 Qg4 39. Rf1 Kh7 40. Rg2 Rc8 41. Bc1 Rb8 42. Rxf7+ Kg8 43. Rf4 Qxf4 44. gxf4 1-0

[Event "Titled Tuesday intern op 09th Apr Early"]
[Site "Chess.com INT"]
[Date "2024.04.09"]
[Round "7"]
[White "Jovic, Stanoje"]
[Black "Freile Martin, Javier"]
[Result "1-0"]
[WhiteElo "2097"]
[BlackElo "2329"]
[PlyCount "79"]
[EventDate "2024.04.09"]
[EventType "swiss (blitz)"]
[EventRounds "11"]
[EventCountry "USA"]
[SourceTitle "EXT 2025"]
[Source "ChessBase"]
[SourceDate "2024.10.14"]
[SourceVersion "1"]
[SourceVersionDate "2024.10.14"]
[SourceQuality "1"]

1. c4 Nf6 2. g3 g6 3. Bg2 Bg7 4. Nc3 d6 5. Nf3 0-0 6. 0-0 Nbd7 7. Rb1 e5 8. b4 Re8 9. a4 a5 10. b5 Rb8 11. Ba3 b6 12. Ng5 h6 13. Nge4 Nxe4 14. Bxe4 Nf6 15. Bc6 Rf8 16. e3 Be6 17. Nd5 Bxd5 18. Bxd5 Nxd5 19. cxd5 Bf6 20. e4 Qd7 21. Kg2 Rbe8 22. d3 Bd8 23. Bc1 Kh7 24. Be3 f5 25. f3 f4 26. Bf2 g5 27. g4 h5 28. h3 Rh8 29. Rh1 Kg6 30. Qc2 Rh7 31. d4 Bf6 32. Rbc1 exd4 33. e5+ Kh6 34. exf6 Re5 35. Qc6 Qf7 36. Bxd4 Rxd5 37. Rhd1 hxg4 38. hxg4 Rc5 39. Rh1+ Kg6 40. Qe4+ 1-0

[Event "Titled Tuesday intern op 02nd Apr Early"]
[Site "Chess.com INT"]
[Date "2024.04.02"]
[Round "2"]
[White "Freile Martin, Javier"]
[Black "Hernando Rodrigo, Julio Antonio"]
[Result "0-1"]
[WhiteElo "2329"]
[BlackElo "2229"]
[PlyCount "101"]
[EventDate "2024.04.02"]
[EventType "swiss (blitz)"]
[EventRounds "11"]
[EventCountry "USA"]
[SourceTitle "CBM 219 Extra"]
[Source "ChessBase"]
[SourceDate "2024.05.31"]
[SourceVersion "1"]
[SourceVersionDate "2024.05.31"]
[SourceQuality "1"]

1. c4 Nf6 2. Nc3 c5 3. Nf3 Nc6 4. d4 cxd4 5. Nxd4 g6 6. g3 Bg7 7. Bg2 0-0 8. Nb3 d6 9. 0-0 Bf5 10. e4 Bg4 11. f3 Bd7 12. Nd5 Nxd5 13. cxd5 Na5 14. Be3 Nc4 15. Bd4 Bxd4+ 16. Qxd4 Qb6 17. Qxb6 axb6 18. Rf2 Rfc8 19. Bf1 Ne3 20. Nd4 Nxf1 21. Kxf1 Rc4 22. Rd2 b5 23. b3 Rc3 24. Ke2 b4 25. Kf2 Kf8 26. Re1 e5 27. dxe6 fxe6 28. g4 Ke7 29. Kg3 e5 30. Ne2 Rc6 31. Rc1 g5 32. Rxc6 bxc6 33. Kf2 Be6 34. Ke3 d5 35. exd5 cxd5 36. Rc2 Kd6 37. Nc1 d4+ 38. Kf2 Rf8 39. Kg3 Bd5 40. Rf2 e4 41. fxe4 Rxf2 42. Kxf2 Bxe4 43. Ke2 Ke5 44. h3 Kf4 45. Nd3+ Bxd3+ 46. Kxd3 Ke5 47. Kc4 Ke4 48. Kxb4 d3 49. a4 d2 50. a5 d1Q 51. a6 0-1

[Event "Titled Tuesday intern op 02nd Apr Late"]
[Site "Chess.com INT"]
[Date "2024.04.02"]
[Round "7"]
[White "Freile Martin, Javier"]
[Black "Veiga, Jose Francisco RP"]
[Result "1-0"]
[WhiteElo "2329"]
[BlackElo "2378"]
[PlyCount "53"]
[EventDate "2024.04.02"]
[EventType "swiss (blitz)"]
[EventRounds "11"]
[EventCountry "USA"]
[SourceTitle "CBM 219 Extra"]
[Source "ChessBase"]
[SourceDate "2024.05.31"]
[SourceVersion "1"]
[SourceVersionDate "2024.05.31"]
[SourceQuality "1"]

1. c4 e5 2. Nc3 Nf6 3. Nf3 Nc6 4. a3 a5 5. e3 d5 6. cxd5 Nxd5 7. d3 Be6 8. Bd2 Be7 9. Be2 0-0 10. 0-0 Qd7 11. Qb1 Kh8 12. Rc1 f5 13. Be1 Rae8 14. b4 axb4 15. Nxd5 Bxd5 16. axb4 e4 17. dxe4 Bxe4 18. Qb2 Bf6 19. Bc3 Bxc3 20. Qxc3 Re7 21. b5 Nd8 22. Ra8 Rfe8 23. Nd4 c6 24. Bh5 Rg8 25. h3 cxb5 26. Qc5 Qc7 27. Qxc7 1-0

[Event "Titled Tuesday intern op 26th Mar Early"]
[Site "Chess.com INT"]
[Date "2024.03.26"]
[Round "2"]
[White "Martinez Pla, Xavier"]
[Black "Freile Martin, Javier"]
[Result "1-0"]
[WhiteElo "2264"]
[BlackElo "2329"]
[PlyCount "83"]
[EventDate "2024.03.26"]
[EventType "swiss (blitz)"]
[EventRounds "11"]
[EventCountry "USA"]
[SourceTitle "EXT 2025"]
[Source "ChessBase"]
[SourceDate "2024.10.14"]
[SourceVersion "1"]
[SourceVersionDate "2024.10.14"]
[SourceQuality "1"]

1. e4 c5 2. Nf3 d6 3. d4 cxd4 4. Nxd4 Nf6 5. Nc3 a6 6. f3 e6 7. Be3 b5 8. Qd2 Bb7 9. a3 Nbd7 10. Rg1 h5 11. 0-0-0 Rc8 12. Kb1 Qc7 13. Be2 d5 14. exd5 Bxd5 15. Rge1 b4 16. Nxd5 Nxd5 17. a4 Bc5 18. Bxa6 Nxe3 19. Rxe3 Bxd4 20. Bxc8 Bxe3 21. Bxd7+ Ke7 22. Qxe3 Rd8 23. Qd4 Rxd7 24. Qxb4+ Kf6 25. Rxd7 Qxd7 26. Qf4+ Kg6 27. Qe4+ f5 28. Qe2 Qxa4 29. Qxe6+ Kg5 30. Qe7+ Kh6 31. h4 g6 32. Qg5+ Kh7 33. b3 Qd4 34. Qe7+ Kh6 35. Qe1 Qd6 36. b4 g5 37. hxg5+ Kxg5 38. Kb2 Qd4+ 39. c3 Qc4 40. Qd2+ f4 41. Qf2 h4 42. Qc5+ 1-0

[Event "Titled Tuesday intern op 19th Mar Early"]
[Site "Chess.com INT"]
[Date "2024.03.19"]
[Round "3"]
[White "Freile Martin, Javier"]
[Black "Marin Ferragut, Pau"]
[Result "0-1"]
[WhiteElo "2329"]
[BlackElo "2165"]
[PlyCount "46"]
[EventDate "2024.03.19"]
[EventType "swiss (blitz)"]
[EventRounds "11"]
[EventCountry "USA"]
[SourceTitle "EXT 2025"]
[Source "ChessBase"]
[SourceDate "2024.10.14"]
[SourceVersion "1"]
[SourceVersionDate "2024.10.14"]
[SourceQuality "1"]

1. c4 e6 2. Nf3 d5 3. d4 Nf6 4. g3 Be7 5. Bg2 0-0 6. Qc2 c6 7. 0-0 b6 8. Re1 Bb7 9. Nbd2 c5 10. cxd5 Nxd5 11. dxc5 Bxc5 12. Ne4 Be7 13. Neg5 Nf6 14. e4 Qc8 15. Qb1 h6 16. e5 hxg5 17. Nxg5 g6 18. exf6 Bxf6 19. Nxe6 Bxg2 20. Kxg2 Re8 21. Qe4 Rxe6 22. Qxa8 Rxe1 23. Qf3 Rxc1 0-1

[Event "Titled Tuesday intern op 19th Mar Early"]
[Site "Chess.com INT"]
[Date "2024.03.19"]
[Round "4"]
[White "Ho, In Hei Henry"]
[Black "Freile Martin, Javier"]
[Result "0-1"]
[WhiteElo "1779"]
[BlackElo "2329"]
[PlyCount "36"]
[EventDate "2024.03.19"]
[EventType "swiss (blitz)"]
[EventRounds "11"]
[EventCountry "USA"]
[SourceTitle "EXT 2025"]
[Source "ChessBase"]
[SourceDate "2024.10.14"]
[SourceVersion "1"]
[SourceVersionDate "2024.10.14"]
[SourceQuality "1"]

1. d4 Nf6 2. c4 g6 3. Nf3 Bg7 4. Nc3 d6 5. e4 0-0 6. Be2 e5 7. Be3 exd4 8. Nxd4 Re8 9. f3 c6 10. 0-0 d5 11. Bg5 Qb6 12. Be3 Qxb2 13. Rc1 dxe4 14. fxe4 Nxe4 15. Na4 Qa3 16. Qb3 Qd6 17. Nf3 b5 18. c5 bxa4 0-1

[Event "Titled Tuesday intern op 12th Mar Early"]
[Site "Chess.com INT"]
[Date "2024.03.12"]
[Round "9"]
[White "Viana, Valeria"]
[Black "Freile Martin, Javier"]
[Result "0-1"]
[WhiteElo "1890"]
[BlackElo "2329"]
[PlyCount "60"]
[EventDate "2024.03.12"]
[EventType "swiss (blitz)"]
[EventRounds "11"]
[EventCountry "USA"]
[SourceTitle "CBM 219 Extra"]
[Source "ChessBase"]
[SourceDate "2024.05.31"]
[SourceVersion "1"]
[SourceVersionDate "2024.05.31"]
[SourceQuality "1"]

1. e4 c5 2. Nf3 d6 3. Bb5+ Nd7 4. d4 cxd4 5. Qxd4 e5 6. Qd3 Be7 7. Nc3 Ngf6 8. 0-0 0-0 9. Rd1 Nb6 10. Be3 h6 11. a4 a6 12. Bxb6 Qxb6 13. Bc4 Be6 14. Bd5 Rac8 15. Rab1 Nxd5 16. Nxd5 Bxd5 17. exd5 Qb4 18. Qf5 Qxa4 19. b3 Qe8 20. c4 g6 21. Qh3 Kg7 22. Nd2 f5 23. Nf3 a5 24. b4 a4 25. Nd2 Bg5 26. Qc3 b6 27. Nf3 Bf6 28. Qd3 e4 29. Qa3 exf3 30. Qxf3 Rxc4 0-1

[Event "Titled Tuesday intern op 05th Mar Early"]
[Site "Chess.com INT"]
[Date "2024.03.05"]
[Round "7"]
[White "Vergara Jofre, Felipe Andres"]
[Black "Freile Martin, Javier"]
[Result "0-1"]
[WhiteElo "2210"]
[BlackElo "2329"]
[PlyCount "78"]
[EventDate "2024.03.05"]
[EventType "swiss (blitz)"]
[EventRounds "11"]
[EventCountry "USA"]
[SourceTitle "EXT 2025"]
[Source "ChessBase"]
[SourceDate "2024.10.14"]
[SourceVersion "1"]
[SourceVersionDate "2024.10.14"]
[SourceQuality "1"]

1. d4 Nf6 2. Nf3 g6 3. Nc3 d5 4. Bf4 c6 5. h3 Bg7 6. e3 0-0 7. Be2 Nbd7 8. 0-0 Ne8 9. e4 dxe4 10. Nxe4 Ndf6 11. Nc5 Nd5 12. Be5 f6 13. Bh2 Nd6 14. c4 Nc7 15. Rc1 b6 16. Nd3 Nf5 17. Nb4 Bb7 18. g4 Nd6 19. c5 Nde8 20. Bc4+ Kh8 21. Re1 Qd7 22. Qe2 a5 23. Nd3 b5 24. Bb3 a4 25. Be6 Qd8 26. g5 f5 27. Nb4 h6 28. a3 hxg5 29. Nxg5 Bh6 30. h4 Rf6 31. Be5 Kg7 32. Bxf6+ exf6 33. Nf3 Bxc1 34. Rxc1 Nxe6 35. Qxe6 Bc8 36. Qxc6 Bd7 37. Qd5 Qe7 38. c6 Be6 39. Qc5 Qc7 0-1

[Event "Titled Tuesday intern op 03rd Oct Early"]
[Site "Chess.com INT"]
[Date "2023.10.03"]
[Round "4"]
[White "Mammadzada, Gunay Vuqar Qizi"]
[Black "Freile Martin, Javier"]
[Result "1-0"]
[WhiteElo "2441"]
[BlackElo "2329"]
[PlyCount "115"]
[EventDate "2023.10.03"]
[EventType "swiss (blitz)"]
[EventRounds "11"]
[EventCountry "USA"]
[SourceTitle "EXT 2025"]
[Source "ChessBase"]
[SourceDate "2024.10.14"]
[SourceVersion "1"]
[SourceVersionDate "2024.10.14"]
[SourceQuality "1"]

1. e4 c5 2. Nf3 d6 3. d4 cxd4 4. Nxd4 Nf6 5. Nc3 a6 6. Be3 e5 7. Nb3 Be6 8. Qd2 Nbd7 9. 0-0-0 Rc8 10. Kb1 Be7 11. h3 0-0 12. g4 Rxc3 13. Qxc3 Nxe4 14. Qb4 d5 15. Qxb7 a5 16. Rxd5 Bxd5 17. Qxd5 Ndf6 18. Qxd8 Rxd8 19. Bd3 a4 20. Na5 Bc5 21. Nb7 Rc8 22. Nxc5 Nxc5 23. Bxc5 Rxc5 24. Re1 h6 25. b4 Rd5 26. a3 Kf8 27. Kb2 Nd7 28. Re3 Rd4 29. c4 f6 30. Kc3 Ke7 31. Bc2 Nb6 32. Bd3 Rf4 33. f3 Ke6 34. Be2 Rd4 35. Re4 Rd8 36. f4 g5 37. f5+ Ke7 38. Bd3 Rc8 39. Kd2 Rd8 40. Ke2 Rd7 41. Ke3 Rd8 42. Kd2 Ra8 43. c5 Nd5 44. Bc4 Nf4 45. Re3 Rd8+ 46. Kc2 Ng2 47. Re2 Nf4 48. Rd2 Rxd2+ 49. Kxd2 Nxh3 50. Ke3 Nf4 51. b5 h5 52. gxh5 Nxh5 53. b6 Kd7 54. Bb5+ Kc8 55. c6 Nf4 56. Ba6+ Kb8 57. c7+ Ka8 58. c8Q# 1-0

[Event "Titled Tuesday intern op 11th Jul Late"]
[Site "Chess.com INT"]
[Date "2023.07.11"]
[Round "2"]
[White "Freile Martin, Javier"]
[Black "Tifferet, Shaked"]
[Result "0-1"]
[WhiteElo "2329"]
[BlackElo "2279"]
[PlyCount "58"]
[EventDate "2023.07.11"]
[EventType "swiss (blitz)"]
[EventRounds "11"]
[EventCountry "USA"]
[SourceTitle "EXT 2024"]
[Source "ChessBase"]
[SourceDate "2023.10.10"]
[SourceVersion "1"]
[SourceVersionDate "2023.10.10"]
[SourceQuality "1"]

1. c4 a6 2. e3 c6 3. Nf3 d5 4. b3 Nf6 5. Bb2 e6 6. d3 Nbd7 7. Nbd2 Be7 8. a3 0-0 9. Qc2 b5 10. Be2 a5 11. 0-0 Qb6 12. Rab1 Ba6 13. Rfc1 c5 14. Ne5 b4 15. a4 Rac8 16. cxd5 exd5 17. Nxd7 Nxd7 18. Nf3 Bf6 19. Bxf6 Qxf6 20. h3 Nb6 21. Qb2 Qxb2 22. Rxb2 c4 23. dxc4 dxc4 24. Rd2 c3 25. Rd6 Bxe2 26. Rxb6 Bxf3 27. gxf3 Rfd8 28. Rb5 c2 29. Rxa5 g6 0-1

[Event "Titled Tuesday intern op 04th Jul Late"]
[Site "Chess.com INT"]
[Date "2023.07.04"]
[Round "3"]
[White "Freile Martin, Javier"]
[Black "Thomforde Toates, Noah"]
[Result "0-1"]
[WhiteElo "2329"]
[BlackElo "2124"]
[PlyCount "32"]
[EventDate "2023.07.04"]
[EventType "swiss (blitz)"]
[EventRounds "11"]
[EventCountry "USA"]
[SourceTitle "EXT 2024"]
[Source "ChessBase"]
[SourceDate "2023.10.10"]
[SourceVersion "1"]
[SourceVersionDate "2023.10.10"]
[SourceQuality "1"]

1. c4 Nf6 2. Nc3 g6 3. d4 d6 4. e4 Bg7 5. Be2 0-0 6. Nf3 e5 7. 0-0 exd4 8. Nxd4 Re8 9. f3 c6 10. Kh1 Nbd7 11. Bg5 Qb6 12. Nb3 a5 13. Na4 Qb4 14. Nc1 Nc5 15. Nxc5 Qxc5 16. Nb3 Qxg5 0-1

[Event "Titled Tuesday intern op 27th Jun Early"]
[Site "Chess.com INT"]
[Date "2023.06.27"]
[Round "2"]
[White "Freile Martin, Javier"]
[Black "Turzo, Attila"]
[Result "0-1"]
[WhiteElo "2329"]
[BlackElo "2279"]
[PlyCount "88"]
[EventDate "2023.06.27"]
[EventType "swiss (blitz)"]
[EventRounds "11"]
[EventCountry "USA"]
[SourceTitle "EXT 2024"]
[Source "ChessBase"]
[SourceDate "2023.10.10"]
[SourceVersion "1"]
[SourceVersionDate "2023.10.10"]
[SourceQuality "1"]

1. c4 Nf6 2. Nc3 g6 3. d4 Bg7 4. e4 d6 5. Be2 0-0 6. Nf3 e5 7. 0-0 Nc6 8. d5 Ne7 9. h3 c5 10. Nh2 Ne8 11. f3 f5 12. Be3 f4 13. Bd2 g5 14. Qc2 h5 15. Nd1 Rf6 16. Nf2 Rg6 17. a4 a5 18. Ra3 Nf6 19. Rb3 Bf8 20. Ra1 Kh8 21. Raa3 b6 22. Qd1 Neg8 23. Rb5 Nh6 24. Rab3 Ra6 25. Be1 Be7 26. Bd3 Qc7 27. Kf1 Bd8 28. Ke2 Qg7 29. Kd2 g4 30. hxg4 hxg4 31. fxg4 Nhxg4 32. Nhxg4 Nxg4 33. Nxg4 Bxg4 34. Qc2 Bd7 35. Bf1 Bxb5 36. cxb5 Ra7 37. Kc1 Qg8 38. Kb1 Rh7 39. Qf2 Bh4 40. Qe2 Bxe1 41. Qxe1 Rh1 42. Ka2 Rxg2 43. Rf3 Rgg1 44. Qf2 Rxf1 0-1

[Event "Titled Tuesday intern op 27th Jun Early"]
[Site "Chess.com INT"]
[Date "2023.06.27"]
[Round "1"]
[White "Sadykov, Ramil"]
[Black "Freile Martin, Javier"]
[Result "1-0"]
[WhiteElo "2345"]
[BlackElo "2329"]
[PlyCount "45"]
[EventDate "2023.06.27"]
[EventType "swiss (blitz)"]
[EventRounds "11"]
[EventCountry "USA"]
[SourceTitle "EXT 2024"]
[Source "ChessBase"]
[SourceDate "2023.10.10"]
[SourceVersion "1"]
[SourceVersionDate "2023.10.10"]
[SourceQuality "1"]

1. d4 Nf6 2. Nc3 d5 3. Bf4 c6 4. e3 Bf5 5. Nf3 e6 6. Ne5 Nbd7 7. g4 Bg6 8. h4 Nxe5 9. dxe5 Ne4 10. Nxe4 Bxe4 11. f3 Qa5+ 12. c3 0-0-0 13. fxe4 dxe4 14. Qc2 g5 15. hxg5 Bg7 16. Qxe4 Rd5 17. Bc4 Rc5 18. b4 Qa3 19. bxc5 Qxc3+ 20. Kf2 Rd8 21. Rad1 Rd2+ 22. Rxd2 Qxd2+ 23. Be2 1-0